India's foreign policy and relations : (Record no. 142800)

MARC details
000 -LEADER
fixed length control field 00629nam a22002057a 4500
005 - DATE AND TIME OF LATEST TRANSACTION
control field 20170724141743.0
010 ## - LCCN (DPL NO)
LC control number ENG-119328
020 ## - INTERNATIONAL STANDARD BOOK NUMBER
International Standard Book Number 9789382770107
Terms of availability 650.00
035 ## - SYSTEM CONTROL NUMBER
System control number EN-102860
037 ## - SOURCE OF ACQUISITION
Source of stock number/acquisition DBAD/PUB
082 ## - DEWEY DECIMAL CLASSIFICATION NUMBER
Classification number 327.54
245 ## - TITLE STATEMENT
Title India's foreign policy and relations :
Statement of responsibility, etc edited by Anju Bali Pandey [and] Ravi Bhushan Pandey
260 ## - PUBLICATION, DISTRIBUTION, ETC. (IMPRINT)
Place of publication, distribution, etc Delhi
Name of publisher, distributor, etc Image India
Date of publication, distribution, etc 2015
270 ## - ADDRESS
City Delhi
Postal code 110092
300 ## - PHYSICAL DESCRIPTION
Extent 232p. :
Dimensions 22cm(Hb)
Other physical details ill.
500 ## - GENERAL NOTE
General note Includes bibliographical references
700 ## - ADDED ENTRY--PERSONAL NAME
Personal name Pandey,Anju Bali
700 ## - ADDED ENTRY--PERSONAL NAME
Personal name Pandey,Ravi Bhushan
942 ## - ADDED ENTRY ELEMENTS (KOHA)
Source of classification or shelving scheme Dewey Decimal Classification
Item type English Books
Call number suffix PAN
Classification part 327.54
Holdings
Withdrawn status Lost status Not for loan Collection code Home library Current library Date acquired Source of acquisition Cost, normal purchase price Full call number Barcode Copy number Cost, replacement price Koha item type
    Not For Loan Non-fiction D.B.Act.Division D.B.Act.Division 24/07/2017 DBAD/PUB 650.00 327.54 PAN EN-102860 1 650.00 English Books

© Delhi Public Library
Hit Counter
free hit counter